Tourist Towns by U.S. State - Statistics

General Stats
  • This quiz has been taken 24,311 times
  • The average score is 13 of 21
Answer Stats
Hint Answer % Correct
Las Vegas Nevada
95%
Kailua-Kona Hawaii
92%
Key West Florida
88%
Aspen Colorado
81%
Palm Springs California
79%
Atlantic City New Jersey
74%
Martha's Vineyard Massachusetts
60%
Myrtle Beach South Carolina
59%
Sedona Arizona
57%
Taos New Mexico
55%
Big Sky Montana
54%
Asheville North Carolina
51%
Branson Missouri
50%
Jackson Hole Wyoming
50%
Lake Placid New York
49%
Gatlinburg Tennessee
48%
Bend Oregon
47%
Park City Utah
47%
Mackinac Island Michigan
46%
Kennebunkport Maine
44%
Rehoboth Beach Delaware
42%
No matching quizzes found
Score Distribution
Percent of People with Each Score
Percentile by Number Answered
Your Score History
You have not taken this quiz